Представление документа в формате RUSMARC

ПолеНазваниеЗначение
  Тип записи a
  Библиографический уровень m
001 Контрольный номер RU/СЮИ МВД России/KNIGI/65.291.212с51я73/В29-818840
005 Дата корректировки 20140508173759.4
010 Индекс ISBN __
a ISBN 978-5-9916-1388-0
100 Данные общей обработки __
a Данные общей обработки 20110228d2011 |||y0rusy0189
101 Язык документа 0_
a Язык текста rus
102 Страна публикации __
a Страна публикации RU
105 Кодированные данные (монография) __
a Кодированные данные (монография) y j 000yy
200 Заглавие и сведения об ответственности 1_
a Заглавие Информационные технологии управления
e Сведения, относящиеся к заглавию учебное пособие для бакалавров: допущено Советом Учебно-методич. об-ния по образованию в обл. менеджмента в качестве учебного пособия по специальности "Менеджмент организации"
f Первые сведения об ответственности М. А. Венделева
210 Выходные данные __
a Место издания М.
c Издательство Юрайт
d Дата издания 2011
215 Физическое описание __
a Объем 462 с.
225 Серия 2_
a Серия Бакалавр
320 Библиография __
a Библиография Библиогр.: с. 456 - 458
320 Библиография __
a Библиография Алф. указ.: с. 459 - 462
327 Примечание о содержании 1_
a Примечание о содержании Содержание : Организационные основы информационных технологий обеспечения управленческой деятельности ; Инструментальные средства компьютерных технологий информационного обслуживания управленческой деятельности ; Функциональное обеспечение управленческой деятельности ; Подходы к реинжинирингу бизнес - процессов и построению информационных систем ; Компьютерные технологии интеллектуальной поддержки управленческих решений
464 Аналитический уровень _0
1 2001
a Организационные основы информационных технологий обеспечения управленческой деятельности
464 Аналитический уровень _0
1 2001
a Инструментальные средства компьютерных технологий информационного обслуживания управленческой деятельности
464 Аналитический уровень _0
1 2001
a Функциональное обеспечение управленческой деятельности
464 Аналитический уровень _0
1 2001
a Подходы к реинжинирингу бизнес - процессов и построению информационных систем
464 Аналитический уровень _0
1 2001
a Компьютерные технологии интеллектуальной поддержки управленческих решений
606 Тематические рубрики __
a Основная рубрика Экономика организации
x Основная подрубрика Менеджмент
x Основная подрубрика Организация управления
610 Ключевые слова 1_
a Ключевые слова автоматизированные системы управления
610 Ключевые слова 1_
a Ключевые слова безопасность информационных систем
610 Ключевые слова 1_
a Ключевые слова промышленный шпионаж
610 Ключевые слова 1_
a Ключевые слова защита информации
610 Ключевые слова 1_
a Ключевые слова вредоносные программы
610 Ключевые слова 1_
a Ключевые слова политика безопасности
610 Ключевые слова 1_
a Ключевые слова Гарант-Сервис
610 Ключевые слова 1_
a Ключевые слова Консультант-Плюс
610 Ключевые слова 1_
a Ключевые слова автоматизация делопроизводства
610 Ключевые слова 1_
a Ключевые слова автоматизация управления персоналом
620 Место и дата публикации, исполнения и т.д. __
d Город Москва
686 Индексы других классификаций __
a Классификационный индекс 65.291.212с51я73
2 Код системы rubbk
686 Индексы других классификаций __
a Классификационный индекс 06.81
2 Код системы rugasnti
700 Автор _1
a Фамилия Венделева
b Имя М. А.
4 Код отношения 070
701 Альтернативная интеллектуальная ответственность _1
a Фамилия Вертакова
b Имя Ю. В.
4 Код отношения 070
801 Источник записи _0
b Организация СЮИ МВД России
a Страна RU
c Дата составления 20110228
801 Источник записи _1
a Страна RU
b Организация ПКИ
c Дата составления 20110228
852 Данные о местонахождении __
a Наименование организации СЮИ МВД России
b Сигла хранения ЧЗ_Поволжский филиал
i Авторский знак В29
p Инвентарный номер 140230
j Шифр хранения 65.291.212с51я73
j Шифр хранения 65.291.212с51я73
j Шифр хранения 65.291.212с51я73
j Шифр хранения 65.291.212с51я73
j Шифр хранения 65.291.212с51я73
j Шифр хранения 65.291.212с51я73
j Шифр хранения 65.291.212с51я73
j Шифр хранения 65.291.212с51я73
j Шифр хранения 65.291.212с51я73
j Шифр хранения 65.291.212с51я73
j Шифр хранения 65.291.212с51я73
j Шифр хранения 65.291.212с51я73
852 Данные о местонахождении __
a Наименование организации СЮИ МВД России
b Сигла хранения УчФ_Поволжский филиал
i Авторский знак В29
p Инвентарный номер 140231
852 Данные о местонахождении __
a Наименование организации СЮИ МВД России
b Сигла хранения УчФ_Поволжский филиал
i Авторский знак В29
p Инвентарный номер 140232
852 Данные о местонахождении __
a Наименование организации СЮИ МВД России
b Сигла хранения УчФ_Поволжский филиал
i Авторский знак В29
p Инвентарный номер 140233
852 Данные о местонахождении __
a Наименование организации СЮИ МВД России
b Сигла хранения УчФ_Поволжский филиал
i Авторский знак В29
p Инвентарный номер 140234
852 Данные о местонахождении __
a Наименование организации СЮИ МВД России
b Сигла хранения УчФ_Поволжский филиал
i Авторский знак В29
p Инвентарный номер 140235
852 Данные о местонахождении __
a Наименование организации СЮИ МВД России
b Сигла хранения УчФ_Поволжский филиал
i Авторский знак В29
p Инвентарный номер 140236
852 Данные о местонахождении __
a Наименование организации СЮИ МВД России
b Сигла хранения УчФ_Поволжский филиал
i Авторский знак В29
p Инвентарный номер 140237
852 Данные о местонахождении __
a Наименование организации СЮИ МВД России
b Сигла хранения УчФ_Поволжский филиал
i Авторский знак В29
p Инвентарный номер 140238
852 Данные о местонахождении __
a Наименование организации СЮИ МВД России
b Сигла хранения УчФ_Поволжский филиал
i Авторский знак В29
p Инвентарный номер 140239
852 Данные о местонахождении __
a Наименование организации СЮИ МВД России
b Сигла хранения УчФ_Поволжский филиал
i Авторский знак В29
p Инвентарный номер 140240
852 Данные о местонахождении __
a Наименование организации СЮИ МВД России
b Сигла хранения УчФ_Поволжский филиал
i Авторский знак В29
p Инвентарный номер 140241
901 Тип документа __
t Тип документа m
938 Служебная информация __
a Название организации Поволжский филиал
b Имя БД Книги_Ирбис
c Название АИБС АБИС ИРБИС